| 000 | 00625nam a2200193Ia 4500 | ||
|---|---|---|---|
| 008 | 140429s9999 xx 000 0 und d | ||
| 020 | _a9781848135154 | ||
| 050 |
_aJZ 1310 _b.C964 2011 |
||
| 100 | _aCudworth, Erika | ||
| 245 |
_aPosthuman international relations : _bcomplexity, ecologism and global politics / _cErika Cudworth and Stephen Hobden. |
||
| 260 |
_aNew York : _bZed Books, _cc2011. |
||
| 300 |
_a215 p. : _c22 cm. |
||
| 500 | _aIncludes bibliographical references and index. | ||
| 521 | _aBSBA | ||
| 650 | _aInternational relations. | ||
| 650 | _aWorld politics. | ||
| 942 |
_kFOR _cBK |
||
| 999 |
_c115660 _d115660 |
||